THE PIONEER : LIFE & TIMES (Record no. 32041)

MARC details
000 -LEADER
fixed length control field 00283nam a22001337a 4500
003 - CONTROL NUMBER IDENTIFIER
control field SGT
020 ## - INTERNATIONAL STANDARD BOOK NUMBER
International Standard Book Number 9789380361680
082 ## - DEWEY DECIMAL CLASSIFICATION NUMBER
Classification number 920
Item number T11S
100 ## - MAIN ENTRY--PERSONAL NAME
Personal name SADHU, ARUN
245 ## - TITLE STATEMENT
Title THE PIONEER : LIFE & TIMES
260 ## - PUBLICATION, DISTRIBUTION, ETC. (IMPRINT)
Name of publisher, distributor, etc ROHAN PRAKASHAN
Year of Publication 2011
300 ## - PAGE DESCRIPTION
No. of Pages 623
942 ## - ADDED ENTRY ELEMENTS (KOHA)
Source of classification or shelving scheme Dewey Decimal Classification
Koha item type Books
Holdings
Withdrawn status Lost status Source of classification or shelving scheme Damaged status Not for loan Home library Current library Shelving location Date acquired SGTU Total Checkouts Full call number Accession No. (Barcode) Date last seen Bill Date Koha item type
    Dewey Decimal Classification   Not For Loan SGT Chancellor's Library SGT Chancellor's Library Reference Book 05/07/2025 SGTU   920 T11S CH4062 05/07/2025 05/07/2025 Books